| 000 | 00616nam a2200193 i 4500 | ||
|---|---|---|---|
| 001 | 184631 | ||
| 003 | ES-MaACL | ||
| 005 | 20230906222237.0 | ||
| 008 | 151028s1945 sp |||| | spa d | ||
| 100 | 1 |
_aYabén, Hilario. _9158036 |
|
| 245 | 1 | 0 |
_aOsio, Obispo de Córdoba / _cpor Hilario Yabén. |
| 260 |
_aBarcelona : _bLabor, _c1945. |
||
| 300 |
_a169 p. ; _c19 cm. |
||
| 490 | 1 |
_aColección Pro Ecclesia et Patria ; _v26 |
|
| 600 | 1 | 4 |
_aOsio _cObispo de Córdoba ( _dca. 256-ca. 358) _9158037 |
| 830 | 0 |
_aColección Pro Ecclesia et Patria ; _v26 _9192193 |
|
| 852 |
_aES-MaACL _jC-29159 |
||
| 999 |
_c184631 _d184631 |
||